Ρεύματα : απόψεις, κείμενα, τέχνες.

Αποθηκεύτηκε σε:
Λεπτομέρειες βιβλιογραφικής εγγραφής
Μορφή: Περιοδική έκδοση
Γλώσσα:Greek
Δημοσίευση: Αθήνα : Ρεύματα, 1991-
Θέματα:
Ετικέτες: Προσθήκη ετικέτας
Δεν υπάρχουν, Καταχωρήστε ετικέτα πρώτοι!

MARC

LEADER 00000nas a2200000 a 4500
001 1/119657
008 190722c1991####gr |||||||||||| ||gre||
022 |a 1106-1669 
040 |a GR-MyUa  |b gre  |c GR-MyUa  |e AACR2 
041 0 |a gre 
082 7 |a 700.5  |2 (23) 
222 0 |a Ρεύματα 
245 0 0 |a Ρεύματα :   |h [περιοδικό]   |b απόψεις, κείμενα, τέχνες. 
260 |a Αθήνα :   |b Ρεύματα,   |c 1991-  
300 |a τ. :   |b εικ. ;   |c 27 εκ. 
310 |a Διμηνιαίο 
362 0 |a Τεύχος 1 (Μάιος-Ιούν. 1991)-  
650 0 |a Greek literature, Modern  |y 20th century  |x Periodicals. 
650 0 |a Arts  |x Periodicals. 
650 0 |a Literature  |x Periodicals. 
853 |a INST  |b LEMNOS  |c SER  |h SER 700.5 ΡΕΥ 
920 |a Κακάρογλου  |b Λεωνίδας  |y Λήμνος-ΤΕΤΔ  |z 2014-07 
922 |a 6ΕΛΗ 
970 |a Ξενιτοπούλου   |b Κωνσταντία  |z 22/072019